| 000 | 00639cai a22001815a 4500 | ||
|---|---|---|---|
| 001 | E154408 | ||
| 008 | 111128u xxk g 000 0 eng d | ||
| 035 | _a(Sirsi) u154408 | ||
| 041 | 0 | _aeng | |
| 110 | 2 |
_aScotland _bScottish Government _95344 |
|
| 245 | 0 | 0 |
_aScotland's environment web _h[electronic resource] |
| 520 | _aProvides information on Scotland's environment, including current policies, trends and indicators. | ||
| 590 | _aKA | ||
| 651 | 4 |
_aScotland _y1999- |
|
| 690 |
_aEnvironment _96238 |
||
| 856 | 4 | 0 |
_uhttps://www.environment.scotland.gov.uk/ _zView the website free of charge at www.environment.scotland.gov.uk |
| 942 | _n0 | ||
| 999 |
_c120935 _d120935 |
||